[Event "DEM U14w 2024"]
[Site "Willingen GER"]
[Date "2024.05.20"]
[Round "3"]
[White "Kopylov, Diana"]
[Black "Dedic, Sajra"]
[Result "1-0"]
[Termination "normal"]
[Board "5"]
[WhiteElo "1887"]
[BlackElo "1555"]
[WhiteClock "00:08:14"]
[BlackClock "00:03:19"]
[PlyCount "111"]
[WhiteFideId "16268865"]
[BlackFideId "14422794"]
[EventCountry "GER"]
[EventRounds "9"]
[EventType "swiss"]
[EventDate "2024.05.18"]

1. e4 {[%clk 01:30:58]} {[%emt 00:00:01]} d6 {[%clk 01:30:57]} {[%emt
00:00:04]} 2. d4 {[%clk 01:31:01]} {[%emt 00:00:26]} Nf6 {[%clk 01:31:21]}
{[%emt 00:00:06]} 3. Nc3 {[%clk 01:31:04]} {[%emt 00:00:26]} e5 {[%clk
01:31:46]} {[%emt 00:00:06]} 4. dxe5 {[%clk 01:28:49]} {[%emt 00:02:45]} dxe5
{[%clk 01:32:10]} {[%emt 00:00:06]} 5. Qxd8+ {[%clk 01:28:18]} {[%emt
00:01:01]} Kxd8 {[%clk 01:32:34]} {[%emt 00:00:06]} 6. Bc4 {[%clk 01:25:29]}
{[%emt 00:03:18]} Be6 {[%clk 01:32:59]} {[%emt 00:00:06]} 7. Bxe6 {[%clk
01:25:18]} {[%emt 00:00:41]} fxe6 {[%clk 01:33:22]} {[%emt 00:00:07]} 8. Nf3
{[%clk 01:24:14]} {[%emt 00:01:33]} Nbd7 {[%clk 01:31:39]} {[%emt 00:02:14]} 9.
O-O {[%clk 01:22:25]} {[%emt 00:02:19]} a6 {[%clk 01:31:15]} {[%emt 00:00:54]}
10. Re1 {[%clk 01:16:21]} {[%emt 00:06:33]} Bd6 {[%clk 01:27:00]} {[%emt
00:04:46]} 11. h3 {[%clk 01:13:58]} {[%emt 00:02:52]} h6 {[%clk 01:27:04]}
{[%emt 00:00:26]} 12. Be3 {[%clk 01:11:54]} {[%emt 00:02:34]} g5 {[%clk
01:26:11]} {[%emt 00:01:24]} 13. Nd2 {[%clk 01:07:53]} {[%emt 00:04:31]} Ke7
{[%clk 01:16:24]} {[%emt 00:10:18]} 14. a3 {[%clk 01:03:43]} {[%emt 00:04:39]}
Rag8 {[%clk 01:08:21]} {[%emt 00:08:33]} 15. Nc4 {[%clk 01:01:04]} {[%emt
00:03:08]} b6 {[%clk 01:04:05]} {[%emt 00:04:47]} 16. Rad1 {[%clk 00:56:59]}
{[%emt 00:04:34]} h5 {[%clk 00:56:30]} {[%emt 00:08:05]} 17. Rd3 {[%clk
00:52:00]} {[%emt 00:05:28]} Ne8 {[%clk 00:31:40]} {[%emt 00:25:21]} 18. Red1
{[%clk 00:46:58]} {[%emt 00:05:32]} Kf6 {[%clk 00:27:29]} {[%emt 00:04:41]} 19.
Kf1 {[%clk 00:25:28]} {[%emt 00:22:00]} Nc5 {[%clk 00:16:26]} {[%emt 00:11:34]}
20. R3d2 {[%clk 00:21:05]} {[%emt 00:04:52]} Nb7 {[%clk 00:13:53]} {[%emt
00:03:03]} 21. g3 {[%clk 00:18:38]} {[%emt 00:02:57]} b5 {[%clk 00:12:04]}
{[%emt 00:02:21]} 22. Nxd6 {[%clk 00:18:39]} {[%emt 00:00:28]} cxd6 {[%clk
00:12:28]} {[%emt 00:00:06]} 23. b4 {[%clk 00:17:42]} {[%emt 00:01:26]} Ng7
{[%clk 00:10:33]} {[%emt 00:02:26]} 24. h4 {[%clk 00:13:36]} {[%emt 00:04:36]}
g4 {[%clk 00:09:41]} {[%emt 00:01:21]} 25. Bg5+ {[%clk 00:13:38]} {[%emt
00:00:27]} Kf7 {[%clk 00:10:01]} {[%emt 00:00:10]} 26. Kg2 {[%clk 00:10:49]}
{[%emt 00:03:19]} Rc8 {[%clk 00:09:12]} {[%emt 00:01:20]} 27. Ne2 {[%clk
00:09:32]} {[%emt 00:01:47]} Rc4 {[%clk 00:08:44]} {[%emt 00:00:59]} 28. f3
{[%clk 00:08:40]} {[%emt 00:01:21]} gxf3+ {[%clk 00:08:36]} {[%emt 00:00:38]}
29. Kxf3 {[%clk 00:09:01]} {[%emt 00:00:08]} Rhc8 {[%clk 00:09:00]} {[%emt
00:00:07]} 30. c3 {[%clk 00:08:46]} {[%emt 00:00:45]} Ne8 {[%clk 00:07:59]}
{[%emt 00:01:31]} 31. Rf1 {[%clk 00:07:36]} {[%emt 00:01:40]} Kg6 {[%clk
00:06:36]} {[%emt 00:01:54]} 32. Ke3 {[%clk 00:06:15]} {[%emt 00:01:50]} a5
{[%clk 00:05:12]} {[%emt 00:01:55]} 33. Ra2 {[%clk 00:04:16]} {[%emt 00:02:29]}
Ra8 {[%clk 00:05:23]} {[%emt 00:00:18]} 34. Raa1 {[%clk 00:03:49]} {[%emt
00:00:57]} d5 {[%clk 00:02:35]} {[%emt 00:03:19]} 35. exd5 {[%clk 00:03:43]}
{[%emt 00:00:36]} exd5 {[%clk 00:02:59]} {[%emt 00:00:05]} 36. Rf8 {[%clk
00:02:55]} {[%emt 00:01:18]} axb4 {[%clk 00:02:48]} {[%emt 00:00:42]} 37. cxb4
{[%clk 00:02:30]} {[%emt 00:00:55]} Rxb4 {[%clk 00:02:34]} {[%emt 00:00:44]}
38. axb4 {[%clk 00:02:35]} {[%emt 00:00:26]} Rxa1 {[%clk 00:02:30]} {[%emt
00:00:33]} 39. Rxe8 {[%clk 00:02:52]} {[%emt 00:00:13]} Ra3+ {[%clk 00:01:22]}
{[%emt 00:01:37]} 40. Kf2 {[%clk 00:02:11]} {[%emt 00:01:11]} e4 {[%clk
00:00:54]} {[%emt 00:00:58]} 41. Nf4+ {[%clk 00:29:32]} {[%emt 00:03:09]} Kf5
{[%clk 00:28:31]} {[%emt 00:02:54]} 42. Nxd5 {[%clk 00:28:45]} {[%emt
00:01:17]} Nd6 {[%clk 00:22:43]} {[%emt 00:06:17]} 43. Rf8+ {[%clk 00:20:38]}
{[%emt 00:08:37]} Kg4 {[%clk 00:20:51]} {[%emt 00:02:22]} 44. Kg2 {[%clk
00:15:12]} {[%emt 00:05:56]} Ra2+ {[%clk 00:20:52]} {[%emt 00:00:29]} 45. Rf2
{[%clk 00:14:57]} {[%emt 00:00:45]} Rxf2+ {[%clk 00:16:44]} {[%emt 00:04:38]}
46. Kxf2 {[%clk 00:15:20]} {[%emt 00:00:07]} Kf5 {[%clk 00:16:47]} {[%emt
00:00:26]} 47. Bf4 {[%clk 00:13:13]} {[%emt 00:02:37]} Ke6 {[%clk 00:11:39]}
{[%emt 00:05:37]} 48. Nc3 {[%clk 00:11:33]} {[%emt 00:02:12]} Nc4 {[%clk
00:04:58]} {[%emt 00:07:11]} 49. Nxe4 {[%clk 00:10:38]} {[%emt 00:01:25]} Kd5
{[%clk 00:03:31]} {[%emt 00:01:57]} 50. Nf6+ {[%clk 00:09:19]} {[%emt
00:01:47]} Kd4 {[%clk 00:03:52]} {[%emt 00:00:10]} 51. Nxh5 {[%clk 00:08:54]}
{[%emt 00:00:56]} Kc3 {[%clk 00:04:12]} {[%emt 00:00:10]} 52. Nf6 {[%clk
00:08:24]} {[%emt 00:01:01]} Kxb4 {[%clk 00:03:58]} {[%emt 00:00:43]} 53. h5
{[%clk 00:07:59]} {[%emt 00:00:54]} Kc3 {[%clk 00:02:59]} {[%emt 00:01:28]} 54.
h6 {[%clk 00:07:51]} {[%emt 00:00:40]} b4 {[%clk 00:03:13]} {[%emt 00:00:17]}
55. Nd5+ {[%clk 00:07:57]} {[%emt 00:00:23]} Kb3 {[%clk 00:03:19]} {[%emt
00:00:24]} 56. h7 {[%clk 00:08:14]} {[%emt 00:00:13]} 1-0

[Event "DEM U14w 2024"]
[Site "Willingen GER"]
[Date "2024.05.20"]
[Round "3"]
[White "Vogt, Luna"]
[Black "Richter, Johanna"]
[Result "0-1"]
[Termination "normal"]
[Board "6"]
[WhiteElo "1666"]
[BlackElo "1741"]
[WhiteClock "00:01:02"]
[BlackClock "00:02:22"]
[PlyCount "72"]
[WhiteFideId "34607153"]
[BlackFideId "16278925"]
[EventCountry "GER"]
[EventRounds "9"]
[EventType "swiss"]
[EventDate "2024.05.18"]

1. d4 {[%clk 01:30:58]} {[%emt 00:00:01]} Nf6 {[%clk 01:30:45]} {[%emt
00:00:16]} 2. c4 {[%clk 01:31:22]} {[%emt 00:00:06]} g6 {[%clk 01:31:13]}
{[%emt 00:00:02]} 3. Nc3 {[%clk 01:31:46]} {[%emt 00:00:06]} d5 {[%clk
01:31:39]} {[%emt 00:00:05]} 4. Nf3 {[%clk 01:31:24]} {[%emt 00:00:51]} Bg7
{[%clk 01:32:03]} {[%emt 00:00:05]} 5. e3 {[%clk 01:30:30]} {[%emt 00:01:25]}
O-O {[%clk 01:31:14]} {[%emt 00:01:19]} 6. cxd5 {[%clk 01:28:58]} {[%emt
00:02:01]} Nxd5 {[%clk 01:31:33]} {[%emt 00:00:12]} 7. Bd3 {[%clk 01:28:21]}
{[%emt 00:01:07]} c5 {[%clk 01:26:07]} {[%emt 00:05:55]} 8. Be4 {[%clk
01:17:17]} {[%emt 00:11:34]} Nxc3 {[%clk 01:25:13]} {[%emt 00:01:25]} 9. bxc3
{[%clk 01:17:38]} {[%emt 00:00:08]} Nc6 {[%clk 01:17:30]} {[%emt 00:08:13]} 10.
O-O {[%clk 01:13:48]} {[%emt 00:04:20]} Qc7 {[%clk 01:13:16]} {[%emt 00:04:45]}
11. Rb1 {[%clk 01:09:15]} {[%emt 00:05:02]} Rd8 {[%clk 01:07:44]} {[%emt
00:06:02]} 12. Qa4 {[%emt 00:04:37]} f5 {[%clk 00:52:44]} {[%emt 00:15:28]} 13.
Bd3 {[%clk 00:58:19]} {[%emt 00:07:20]} Kh8 {[%clk 00:41:04]} {[%emt 00:12:11]}
14. Be2 {[%clk 00:52:51]} {[%emt 00:05:57]} Be6 {[%clk 00:38:14]} {[%emt
00:03:22]} 15. Ba3 {[%clk 00:49:31]} {[%emt 00:03:49]} cxd4 {[%clk 00:37:16]}
{[%emt 00:01:28]} 16. cxd4 {[%clk 00:49:29]} {[%emt 00:00:33]} Rd7 {[%clk
00:34:05]} {[%emt 00:03:41]} 17. Bc5 {[%clk 00:40:00]} {[%emt 00:09:57]} Rc8
{[%clk 00:28:01]} {[%emt 00:06:14]} 18. Bb5 {[%clk 00:38:28]} {[%emt 00:02:23]}
a6 {[%clk 00:23:38]} {[%emt 00:04:54]} 19. Be2 {[%clk 00:34:52]} {[%emt
00:04:05]} Qa5 {[%clk 00:22:49]} {[%emt 00:01:14]} 20. Qxa5 {[%clk 00:32:06]}
{[%emt 00:03:21]} Nxa5 {[%clk 00:23:09]} {[%emt 00:00:10]} 21. a4 {[%clk
00:24:16]} {[%emt 00:08:21]} Nc4 {[%clk 00:20:11]} {[%emt 00:03:27]} 22. Rfc1
{[%clk 00:22:03]} {[%emt 00:02:43]} Nd6 {[%clk 00:19:18]} {[%emt 00:00:45]} 23.
Rb6 {[%clk 00:18:51]} {[%emt 00:04:20]} Bd5 {[%clk 00:16:57]} {[%emt 00:02:51]}
24. Rcb1 {[%clk 00:17:13]} {[%emt 00:02:07]} Bf6 {[%clk 00:13:29]} {[%emt
00:03:59]} 25. Bd3 {[%clk 00:15:27]} {[%emt 00:02:16]} Ne4 {[%clk 00:12:36]}
{[%emt 00:01:22]} 26. Bb4 {[%clk 00:13:57]} {[%emt 00:02:00]} Nc3 {[%clk
00:09:40]} {[%emt 00:03:26]} 27. Bxc3 {[%clk 00:12:44]} {[%emt 00:01:43]} Rxc3
{[%clk 00:10:07]} {[%emt 00:00:03]} 28. Ne1 {[%clk 00:09:41]} {[%emt 00:03:32]}
Rdc7 {[%clk 00:08:47]} {[%emt 00:01:51]} 29. R6b2 {[%clk 00:07:25]} {[%emt
00:02:46]} Kg7 {[%clk 00:06:00]} {[%emt 00:03:17]} 30. Bc2 {[%clk 00:06:46]}
{[%emt 00:01:09]} e5 {[%clk 00:04:52]} {[%emt 00:01:39]} 31. Rd1 {[%clk
00:03:55]} {[%emt 00:03:20]} exd4 {[%clk 00:03:46]} {[%emt 00:01:36]} 32. exd4
{[%clk 00:04:18]} {[%emt 00:00:07]} R3c4 {[%clk 00:02:36]} {[%emt 00:01:40]}
33. Bd3 {[%clk 00:01:15]} {[%emt 00:03:33]} Rxd4 {[%clk 00:02:21]} {[%emt
00:00:46]} 34. Rc2 {[%clk 00:01:16]} {[%emt 00:00:28]} Rd7 {[%clk 00:01:51]}
{[%emt 00:01:00]} 35. Be2 {[%clk 00:00:36]} {[%emt 00:01:10]} Rxd1 {[%clk
00:01:56]} {[%emt 00:00:25]} 36. Bxd1 {[%clk 00:01:02]} {[%emt 00:00:04]} Bb3
{[%clk 00:02:22]} {[%emt 00:00:04]} 0-1

[Event "DEM U14w 2024"]
[Site "Willingen GER"]
[Date "2024.05.20"]
[Round "3"]
[White "Dodul, Alice"]
[Black "Ignatova, Gabriela"]
[Result "1-0"]
[Termination "normal"]
[Board "7"]
[WhiteElo "1656"]
[BlackElo "1552"]
[WhiteClock "00:42:16"]
[BlackClock "00:06:15"]
[PlyCount "77"]
[WhiteFideId "34623817"]
[BlackFideId "34623698"]
[EventCountry "GER"]
[EventRounds "9"]
[EventType "swiss"]
[EventDate "2024.05.18"]

1. e4 {[%clk 01:30:59]} c5 {[%clk 01:30:49]} {[%emt 00:00:11]} 2. c3 {[%clk
01:31:25]} {[%emt 00:00:04]} d5 {[%clk 01:31:11]} {[%emt 00:00:09]} 3. exd5
{[%clk 01:31:50]} {[%emt 00:00:05]} Qxd5 {[%clk 01:31:37]} {[%emt 00:00:04]} 4.
d4 {[%clk 01:32:13]} {[%emt 00:00:06]} Nc6 {[%clk 01:31:07]} {[%emt 00:01:00]}
5. Nf3 {[%clk 01:32:12]} {[%emt 00:00:31]} e6 {[%clk 01:26:53]} {[%emt
00:04:45]} 6. Bf4 {[%clk 01:30:33]} {[%emt 00:02:09]} cxd4 {[%clk 01:22:22]}
{[%emt 00:05:01]} 7. cxd4 {[%clk 01:30:53]} {[%emt 00:00:10]} Bb4+ {[%clk
01:22:39]} {[%emt 00:00:13]} 8. Nc3 {[%clk 01:31:00]} {[%emt 00:00:22]} Nf6
{[%clk 01:22:12]} {[%emt 00:00:57]} 9. a3 {[%clk 01:30:13]} {[%emt 00:01:17]}
Bxc3+ {[%clk 01:21:37]} {[%emt 00:01:06]} 10. bxc3 {[%clk 01:30:37]} {[%emt
00:00:06]} Qa5 {[%clk 01:17:03]} {[%emt 00:05:04]} 11. Qc2 {[%clk 01:29:41]}
{[%emt 00:01:25]} O-O {[%clk 01:14:14]} {[%emt 00:03:18]} 12. Bd3 {[%clk
01:28:19]} {[%emt 00:01:53]} Nxd4 {[%clk 01:13:20]} {[%emt 00:01:25]} 13. Nxd4
{[%clk 01:28:05]} {[%emt 00:00:44]} e5 {[%clk 01:13:23]} {[%emt 00:00:26]} 14.
Nb3 {[%clk 01:28:23]} {[%emt 00:00:11]} Qd5 {[%clk 01:13:01]} {[%emt 00:00:52]}
15. Be3 {[%clk 01:27:33]} {[%emt 00:01:21]} Qxg2 {[%clk 01:12:57]} {[%emt
00:00:34]} 16. O-O-O {[%clk 01:27:38]} {[%emt 00:00:25]} e4 {[%clk 01:12:24]}
{[%emt 00:01:03]} 17. Rhg1 {[%clk 01:27:06]} {[%emt 00:01:02]} exd3 {[%clk
01:11:58]} {[%emt 00:00:56]} 18. Qxd3 {[%clk 01:27:19]} {[%emt 00:00:17]} Qe4
{[%clk 01:10:38]} {[%emt 00:01:49]} 19. Bh6 {[%clk 01:22:07]} {[%emt 00:05:42]}
Qxd3 {[%clk 01:09:20]} {[%emt 00:01:49]} 20. Rxg7+ {[%clk 01:21:22]} {[%emt
00:01:15]} Kh8 {[%clk 01:09:05]} {[%emt 00:00:45]} 21. Rxd3 {[%clk 01:21:37]}
{[%emt 00:00:15]} Be6 {[%clk 01:07:43]} {[%emt 00:01:48]} 22. Nd4 {[%clk
01:20:02]} {[%emt 00:02:09]} Bc4 {[%clk 01:03:17]} {[%emt 00:04:56]} 23. Rf3
{[%clk 01:17:52]} {[%emt 00:02:39]} Nd7 {[%clk 00:57:28]} {[%emt 00:06:20]} 24.
Rg4 {[%clk 01:11:44]} {[%emt 00:06:37]} Rg8 {[%clk 00:50:51]} {[%emt 00:07:06]}
25. Rh4 {[%clk 01:05:29]} {[%emt 00:06:46]} Rg1+ {[%clk 00:39:33]} {[%emt
00:11:49]} 26. Kb2 {[%clk 01:04:03]} {[%emt 00:01:55]} Rag8 {[%clk 00:38:06]}
{[%emt 00:01:57]} 27. Be3 {[%clk 01:01:05]} {[%emt 00:03:28]} Nc5 {[%clk
00:27:47]} {[%emt 00:10:50]} 28. Rfh3 {[%clk 00:55:54]} {[%emt 00:05:40]} Bd3
{[%clk 00:26:37]} {[%emt 00:01:40]} 29. Nf3 {[%clk 00:50:36]} {[%emt 00:05:49]}
Rb1+ {[%clk 00:17:50]} {[%emt 00:09:17]} 30. Ka2 {[%clk 00:50:43]} {[%emt
00:00:23]} Nb3 {[%clk 00:16:30]} {[%emt 00:01:50]} 31. Nd4 {[%clk 00:49:32]}
{[%emt 00:01:41]} Na1 {[%clk 00:12:10]} {[%emt 00:04:50]} 32. Bf4 {[%clk
00:43:09]} {[%emt 00:06:53]} Bg6 {[%clk 00:08:58]} {[%emt 00:03:42]} 33. Be5+
{[%clk 00:42:39]} {[%emt 00:00:59]} Rg7 {[%clk 00:09:19]} {[%emt 00:00:09]} 34.
Bxg7+ {[%clk 00:43:01]} {[%emt 00:00:08]} Kxg7 {[%clk 00:09:42]} {[%emt
00:00:07]} 35. f4 {[%clk 00:42:40]} {[%emt 00:00:51]} Be4 {[%clk 00:07:53]}
{[%emt 00:02:20]} 36. f5 {[%clk 00:42:33]} {[%emt 00:00:37]} Nc2 {[%clk
00:05:40]} {[%emt 00:02:43]} 37. Rxe4 {[%clk 00:41:43]} {[%emt 00:01:20]} Rf1
{[%clk 00:05:54]} {[%emt 00:00:16]} 38. Nxc2 {[%clk 00:41:58]} {[%emt
00:00:14]} Rxf5 {[%clk 00:06:15]} {[%emt 00:00:09]} 39. Nd4 {[%clk 00:42:16]}
{[%emt 00:00:13]} 1-0

[Event "DEM U14w 2024"]
[Site "Willingen GER"]
[Date "2024.05.20"]
[Round "3"]
[White "Kutz, Ida Klara"]
[Black "Abram, Kristina-Maria"]
[Result "1-0"]
[Termination "normal"]
[Board "8"]
[WhiteElo "1690"]
[BlackElo "1482"]
[WhiteClock "00:19:20"]
[BlackClock "00:51:32"]
[PlyCount "53"]
[WhiteFideId "16296257"]
[BlackFideId "16298349"]
[EventCountry "GER"]
[EventRounds "9"]
[EventType "swiss"]
[EventDate "2024.05.18"]

1. Nf3 {[%clk 01:30:55]} {[%emt 00:00:02]} Nf6 {[%clk 01:30:47]} {[%emt
00:00:15]} 2. g3 {[%clk 01:31:15]} {[%emt 00:00:09]} b5 {[%clk 01:30:39]}
{[%emt 00:00:39]} 3. Bg2 {[%clk 01:31:25]} {[%emt 00:00:19]} Bb7 {[%clk
01:30:55]} {[%emt 00:00:15]} 4. O-O {[%clk 01:31:38]} {[%emt 00:00:16]} e6
{[%clk 01:30:52]} {[%emt 00:00:34]} 5. d4 {[%clk 01:31:38]} {[%emt 00:00:30]}
c5 {[%clk 01:30:18]} {[%emt 00:01:04]} 6. Bf4 {[%clk 01:27:32]} {[%emt
00:04:36]} d5 {[%clk 01:24:25]} {[%emt 00:06:22]} 7. Nc3 {[%clk 01:22:10]}
{[%emt 00:05:51]} b4 {[%clk 01:22:20]} {[%emt 00:02:36]} 8. Nb5 {[%clk
01:18:42]} {[%emt 00:03:59]} Na6 {[%clk 01:20:37]} {[%emt 00:02:14]} 9. c4
{[%clk 01:13:32]} {[%emt 00:05:38]} bxc3 {[%clk 01:18:22]} {[%emt 00:02:45]}
10. Qa4 {[%clk 01:08:29]} {[%emt 00:05:34]} Nd7 {[%clk 01:12:43]} {[%emt
00:06:09]} 11. Bd6 {[%clk 00:58:19]} {[%emt 00:10:41]} cxb2 {[%clk 01:11:23]}
{[%emt 00:01:49]} 12. Rab1 {[%clk 00:58:22]} {[%emt 00:00:27]} Be7 {[%clk
01:09:16]} {[%emt 00:02:38]} 13. Rxb2 {[%clk 00:38:34]} {[%emt 00:20:18]} O-O
{[%clk 01:07:12]} {[%emt 00:02:33]} 14. Nc7 {[%clk 00:35:48]} {[%emt 00:03:17]}
Nb6 {[%clk 01:05:34]} {[%emt 00:02:08]} 15. Rxb6 {[%clk 00:35:56]} {[%emt
00:00:20]} axb6 {[%clk 01:05:43]} {[%emt 00:00:22]} 16. Bxe7 {[%clk 00:33:42]}
{[%emt 00:02:44]} Qxe7 {[%clk 01:05:31]} {[%emt 00:00:41]} 17. Nxa8 {[%clk
00:33:53]} {[%emt 00:00:20]} Rxa8 {[%clk 01:05:32]} {[%emt 00:00:29]} 18. Qb5
{[%clk 00:31:33]} {[%emt 00:02:50]} Qd6 {[%clk 01:00:39]} {[%emt 00:05:23]} 19.
Rb1 {[%clk 00:27:19]} {[%emt 00:04:44]} Nb4 {[%clk 00:59:40]} {[%emt 00:01:30]}
20. dxc5 {[%clk 00:27:22]} {[%emt 00:00:26]} bxc5 {[%clk 00:56:09]} {[%emt
00:04:01]} 21. Qxb7 {[%clk 00:27:39]} {[%emt 00:00:11]} Rb8 {[%clk 00:56:30]}
{[%emt 00:00:12]} 22. Qa7 {[%clk 00:28:02]} {[%emt 00:00:05]} Rc8 {[%clk
00:53:31]} {[%emt 00:03:25]} 23. Ng5 {[%clk 00:20:42]} {[%emt 00:07:54]} Qe5
{[%clk 00:51:40]} {[%emt 00:02:22]} 24. Qxf7+ {[%clk 00:20:34]} {[%emt
00:00:38]} Kh8 {[%clk 00:52:01]} {[%emt 00:00:09]} 25. Qd7 {[%clk 00:18:28]}
{[%emt 00:02:36]} Rf8 {[%clk 00:51:35]} {[%emt 00:00:56]} 26. Nf7+ {[%clk
00:18:54]} {[%emt 00:00:04]} Rxf7 {[%clk 00:51:32]} {[%emt 00:00:33]} 27. Qe8+
{[%clk 00:19:20]} {[%emt 00:00:03]} 1-0

[Event "DEM U14w 2024"]
[Site "Willingen GER"]
[Date "2024.05.20"]
[Round "3"]
[White "Mehner, Clara"]
[Black "Prokscha, Charlotte"]
[Result "1/2-1/2"]
[Termination "normal"]
[Board "9"]
[WhiteElo "1647"]
[BlackElo "1666"]
[WhiteClock "00:04:05"]
[BlackClock "00:23:37"]
[PlyCount "132"]
[WhiteFideId "34612165"]
[BlackFideId "34614699"]
[EventCountry "GER"]
[EventRounds "9"]
[EventType "swiss"]
[EventDate "2024.05.18"]

1. e4 {[%clk 01:30:59]} c5 {[%clk 01:30:30]} {[%emt 00:00:32]} 2. Nf3 {[%clk
01:31:21]} {[%emt 00:00:07]} d6 {[%clk 01:30:32]} {[%emt 00:00:27]} 3. d4
{[%clk 01:31:35]} {[%emt 00:00:17]} cxd4 {[%clk 01:30:33]} {[%emt 00:00:28]} 4.
Nxd4 {[%clk 01:31:56]} {[%emt 00:00:10]} Nf6 {[%clk 01:30:41]} {[%emt
00:00:21]} 5. f3 {[%clk 01:32:05]} {[%emt 00:00:22]} g6 {[%clk 01:30:20]}
{[%emt 00:00:50]} 6. c4 {[%clk 01:31:43]} {[%emt 00:00:53]} Bg7 {[%clk
01:30:27]} {[%emt 00:00:22]} 7. Be3 {[%clk 01:28:24]} {[%emt 00:03:49]} Nc6
{[%clk 01:29:51]} {[%emt 00:01:06]} 8. Be2 {[%clk 01:26:55]} {[%emt 00:02:00]}
O-O {[%emt 00:04:21]} 9. O-O Bd7 {[%clk 01:26:47]} {[%emt 00:00:33]} 10. Nc3
{[%clk 01:25:57]} {[%emt 00:01:08]} a6 {[%clk 01:08:01]} {[%emt 00:19:16]} 11.
Qd2 {[%clk 01:20:57]} {[%emt 00:05:29]} Nxd4 {[%clk 01:07:39]} {[%emt
00:00:53]} 12. Bxd4 {[%clk 01:21:00]} {[%emt 00:00:26]} Rc8 {[%clk 01:01:08]}
{[%emt 00:07:01]} 13. Kh1 {[%clk 01:12:50]} {[%emt 00:08:41]} Qa5 {[%clk
00:48:56]} {[%emt 00:12:42]} 14. Qe3 {[%clk 01:00:19]} {[%emt 00:13:01]} Rc6
{[%emt 00:11:53]} 15. Qd3 {[%clk 00:43:28]} {[%emt 00:17:17]} Rfc8 {[%clk
00:34:01]} {[%emt 00:04:04]} 16. Qd2 {[%clk 00:30:11]} {[%emt 00:13:48]} Be6
{[%clk 00:31:10]} {[%emt 00:03:20]} 17. b3 {[%clk 00:28:06]} {[%emt 00:02:36]}
b5 {[%clk 00:22:06]} {[%emt 00:09:34]} 18. cxb5 {[%clk 00:25:21]} {[%emt
00:03:16]} axb5 {[%clk 00:20:17]} {[%emt 00:02:18]} 19. Bxb5 {[%clk 00:24:41]}
{[%emt 00:01:10]} Rxc3 {[%clk 00:19:52]} {[%emt 00:00:55]} 20. Bxc3 {[%clk
00:24:32]} {[%emt 00:00:39]} Qxc3 {[%emt 00:01:20]} 21. Qxc3 {[%clk 00:24:03]}
{[%emt 00:00:21]} Rxc3 {[%clk 00:20:05]} {[%emt 00:00:06]} 22. Rfc1 {[%clk
00:23:52]} {[%emt 00:00:40]} Re3 {[%clk 00:18:06]} {[%emt 00:02:28]} 23. Re1
{[%clk 00:21:58]} {[%emt 00:02:23]} Rxe1+ {[%clk 00:17:31]} 24. Rxe1 {[%clk
00:22:25]} {[%emt 00:01:10]} Nd7 {[%emt 00:00:47]} 25. Rc1 {[%emt 00:04:27]}
Ne5 {[%clk 00:14:26]} {[%emt 00:00:36]} 26. Kg1 {[%clk 00:19:39]} {[%emt
00:02:01]} h5 {[%clk 00:14:38]} {[%emt 00:00:18]} 27. Rc7 {[%clk 00:17:56]}
{[%emt 00:02:12]} Bf6 {[%clk 00:14:01]} {[%emt 00:01:08]} 28. Rb7 {[%emt
00:00:51]} d5 {[%emt 00:04:54]} 29. f4 {[%clk 00:13:10]} {[%emt 00:01:17]} Ng4
{[%clk 00:12:46]} {[%emt 00:00:59]} 30. e5 {[%clk 00:13:14]} {[%emt 00:00:27]}
Bg7 {[%clk 00:13:01]} 31. Rxe7 {[%clk 00:13:36]} {[%emt 00:00:22]} d4 {[%emt
00:00:37]} 32. Re8+ {[%clk 00:13:39]} {[%emt 00:00:18]} Bf8 {[%clk 00:12:47]}
{[%emt 00:00:46]} 33. Rd8 {[%clk 00:12:16]} {[%emt 00:01:53]} Kg7 {[%clk
00:12:39]} {[%emt 00:00:38]} 34. h3 {[%clk 00:10:26]} {[%emt 00:02:20]} Nh6
{[%clk 00:13:02]} {[%emt 00:00:07]} 35. Kf1 {[%clk 00:10:12]} {[%emt 00:00:44]}
Nf5 {[%clk 00:12:56]} {[%emt 00:00:35]} 36. Bd3 {[%clk 00:08:33]} {[%emt
00:02:09]} Ne3+ {[%clk 00:12:41]} {[%emt 00:00:46]} 37. Kf2 {[%clk 00:07:24]}
{[%emt 00:01:31]} Bc5 {[%clk 00:12:49]} {[%emt 00:00:30]} 38. Rb8 {[%clk
00:03:48]} {[%emt 00:04:05]} Nc2 {[%clk 00:11:19]} {[%emt 00:01:50]} 39. Rb5
{[%clk 00:02:53]} {[%emt 00:01:35]} Nb4 {[%clk 00:11:09]} {[%emt 00:00:40]} 40.
Be4 {[%clk 00:01:22]} {[%emt 00:02:01]} Bf8 {[%clk 00:09:59]} {[%emt 00:01:40]}
41. Bb1 {[%clk 00:24:34]} {[%emt 00:07:18]} Nd5 {[%clk 00:39:17]} {[%emt
00:01:12]} 42. f5 {[%clk 00:16:39]} {[%emt 00:08:26]} Nc3 {[%clk 00:36:41]}
{[%emt 00:03:05]} 43. Rb7 {[%clk 00:15:40]} {[%emt 00:01:28]} gxf5 {[%clk
00:36:39]} {[%emt 00:00:33]} 44. Bc2 {[%clk 00:11:51]} {[%emt 00:04:18]} Nxa2
{[%clk 00:36:11]} {[%emt 00:00:59]} 45. Rb8 {[%clk 00:09:32]} {[%emt 00:02:49]}
Nb4 {[%clk 00:35:38]} {[%emt 00:01:00]} 46. Bb1 {[%clk 00:05:47]} {[%emt
00:04:15]} d3 {[%clk 00:33:52]} {[%emt 00:02:18]} 47. Ke3 {[%clk 00:05:12]}
{[%emt 00:01:04]} Bc5+ {[%clk 00:23:38]} {[%emt 00:10:45]} 48. Kd2 {[%clk
00:04:45]} {[%emt 00:00:57]} Bxb3 {[%clk 00:23:40]} {[%emt 00:00:29]} 49. Bxd3
{[%clk 00:04:05]} {[%emt 00:01:10]} Nxd3 {[%clk 00:23:37]} {[%emt 00:00:33]}
50. Kxd3 Be6 51. Rb5 Bf2 52. Rb2 Bg3 53. Kd4 Kg6 54. Rc2 f4 55. Rc3 Kf5 56. Rf3
Bc8 57. Ra3 Bb7 58. Ra2 f3 59. gxf3 Bxe5+ 60. Ke3 Bf4+ 61. Kf2 Kg6 62. Ra5 h4
63. Rb5 Bc8 64. Kg2 Be6 65. Rb4 Bg3 66. Rb5 Bf5 1/2-1/2